[Event "Abu Dhabi Super Blitz op 1st"]
[Site "Chess.com INT"]
[Date "2020.04.15"]
[Round "1"]
[White "Astaneh Lopez, Alex"]
[Black "Esipenko, Andrey"]
[Result "0-1"]
[WhiteElo "2430"]
[BlackElo "2682"]
[PlyCount "68"]
[EventDate "2020.04.15"]
[EventType "swiss (blitz)"]
[EventRounds "11"]
[EventCountry "UAE"]
[SourceTitle "CBM 195 Extra"]
[Source "ChessBase"]
[SourceDate "2020.05.31"]
[SourceVersion "1"]
[SourceVersionDate "2020.05.31"]
[SourceQuality "1"]

1. Nf3 d5 2. e3 Nf6 3. c4 e6 4. Nc3 Be7 5. d4 0-0 6. Bd3 a6 7. a4 b6 8. cxd5 exd5 9. a5 b5 10. h3 Bb7 11. 0-0 Nbd7 12. Ne5 c5 13. f4 b4 14. Ne2 Ne4 15. Bxe4 dxe4 16. Nxd7 Qxd7 17. dxc5 Qc7 18. Bd2 Bxc5 19. Qe1 Rfd8 20. Kh1 Rd3 21. Nc1 Qd7 22. Nxd3 exd3 23. Qg3 Re8 24. Rac1 Bf8 25. f5 Bd6 26. Qg4 Re4 27. Qg5 h6 28. Qh5 Bg3 29. Qf3 Be5 30. Qf2 Bxb2 31. Rb1 Bc3 32. Rfd1 Re5 33. Rf1 Rc5 34. e4 Rc4 0-1

[Event "Titled Tuesday intern op 14th April"]
[Site "Chess.com INT"]
[Date "2020.04.14"]
[Round "2"]
[White "Wahlund, Max"]
[Black "Astaneh Lopez, Alex"]
[Result "1/2-1/2"]
[WhiteElo "2095"]
[BlackElo "2430"]
[PlyCount "65"]
[EventDate "2020.04.14"]
[EventType "swiss (blitz)"]
[EventRounds "10"]
[EventCountry "USA"]
[SourceTitle "EXT 2021"]
[Source "ChessBase"]
[SourceDate "2020.10.23"]
[SourceVersion "1"]
[SourceVersionDate "2020.10.23"]
[SourceQuality "1"]

1. d4 Nf6 2. c4 e6 3. g3 c5 4. d5 exd5 5. cxd5 g6 6. Nc3 Bg7 7. Bg2 0-0 8. Nf3 a6 9. a4 Re8 10. 0-0 d6 11. Bf4 Ne4 12. Nxe4 Rxe4 13. Nd2 Rb4 14. Ne4 Bf5 15. Nxd6 Rxf4 16. Nxb7 Qb6 17. gxf4 Qxb7 18. d6 Be4 19. d7 Nxd7 20. Bxe4 Qxe4 21. Qxd7 Qxe2 22. Rae1 Qxb2 23. Re8+ Rxe8 24. Qxe8+ Bf8 25. Rd1 Qb4 26. Rd7 Qb1+ 27. Kg2 Qf5 28. Rd8 Qg4+ 29. Kf1 Qh3+ 30. Kg1 Qg4+ 31. Kf1 Qh3+ 32. Kg1 Qg4+ 33. Kf1 1/2-1/2

[Event "Titled Tuesday intern op1 3rd March  "]
[Site "Chess.com INT"]
[Date "2020.03.03"]
[Round "5"]
[White "Astaneh Lopez, Alex"]
[Black "Djokic, Mihailo"]
[Result "0-1"]
[WhiteElo "2434"]
[BlackElo "2232"]
[PlyCount "114"]
[EventDate "2020.03.03"]
[EventType "swiss (blitz)"]
[EventRounds "10"]
[EventCountry "USA"]
[SourceTitle "EXT 2021"]
[Source "ChessBase"]
[SourceDate "2020.10.23"]
[SourceVersion "1"]
[SourceVersionDate "2020.10.23"]
[SourceQuality "1"]

1. e4 c5 2. Nc3 Nc6 3. Nf3 g6 4. Bc4 Bg7 5. 0-0 e6 6. Re1 Nge7 7. a3 0-0 8. Ba2 b6 9. d3 h6 10. Bf4 d5 11. Qd2 Kh7 12. exd5 exd5 13. Ne5 Be6 14. Nxc6 Nxc6 15. Nb5 Rc8 16. Rab1 Qd7 17. c4 Rcd8 18. Nc7 dxc4 19. Nxe6 fxe6 20. Bxc4 e5 21. Bg3 Qg4 22. Qe3 Nd4 23. h3 Qf5 24. Qe4 b5 25. Bd5 Rfe8 26. Rbc1 Qxe4 27. dxe4 c4 28. Kf1 a6 29. Rc3 Rf8 30. b3 Nxb3 31. a4 b4 32. Rxc4 Nd2+ 33. Ke2 Nxc4 34. Bxc4 Rd4 35. Bd5 Rc8 36. Rb1 Rc2+ 37. Kf1 Rcd2 38. Ke1 a5 39. Bh2 g5 40. Bg1 Rc2 41. Bb3 Rc3 42. f3 Rdd3 43. Bd1 Bf8 44. Bb6 Bc5 45. Bxa5 Ra3 46. Bc2 Rdc3 47. Kd1 Re3 48. Bxb4 Bxb4 49. Rxb4 Ra1+ 50. Kd2 Ree1 51. a5 Rg1 52. Ba4 Rxg2+ 53. Kc3 Rga2 54. Kb3 Ra3+ 55. Kb2 Rxa4 56. Rb7+ Kg6 57. Rb6+ Kh5 0-1